| 000 | 00782nam a2200229 4500 | ||
|---|---|---|---|
| 001 | 16462 | ||
| 010 | _a9789897100987 | ||
| 021 | _b373295/14 | ||
| 090 | _a16462 | ||
| 100 | _a20140717d2014 m y0pory50030103ba | ||
| 200 | 1 |
_aFelizes para sempre _fNora Roberts _gtrad. Isabel C. Penteado |
|
| 205 | _a1ª ed | ||
| 210 | 9 |
_aS. Pedro do Estoril _cChá das Cinco, _d2014 |
|
| 215 |
_a284, [3] p. _d23 cm |
||
| 304 | _aTít. orig.: Happy ever after | ||
| 327 | 1 | _aContém excerto do livro "Mulher solteira procura vingança" de Suzie Miller | |
| 675 |
_a821.111(73)-31"19/20" _vBN _zpor |
||
| 700 | 1 |
_aRoberts, _bNora, |
|
| 702 | 1 |
_aPenteado, _bIsabel C. |
|
| 801 | 0 |
_aPT _bBN _gRPC |
|
| 856 | 4 | 1 | _uhttp://rnod.bnportugal.gov.pt/ImagesBN/winlibimg.aspx?skey=&doc=1878982&img=46295&save=true |
| 990 | _cLIVROS | ||